000 00582nam a2200169 4500
001 113369
003 ES-MaACL
005 20230906185849.0
007 t|
008 061121s1967 sp r ||||1| spa d
100 1 _aPablo
_bVI
_cPapa, Santo.
_9168351
245 1 0 _aConstitución dogmática sobre la Iglesia /
_ctexto traducido y comentado, por profesores de la Facultad de Teología de Granada.
260 _aMadrid :
_bApostolado de la Prensa,
_c1967.
300 _a425 p. ;
_c18 cm.
710 2 _aFacultad Teológica de Granada.
_94075
852 _aES-MaACL
_jC-33890
_bR.64866
999 _c113369
_d113369